000 01029nam a2200241 i 4500
001 bg
245 0 0 _aMiędzynarodowa współpraca naukowa.
_nCz. 2,
_pEuropa /
_c[Mieczysław Boguta, Andrzej Bylicki] ; Fundacja im. Wojciecha Świętosławskiego na Rzecz Wspierania Nauki i Rozwoju Potencjału Naukowego w Polsce przy współudz. Polskiej Fundacji Upowszechniania Nauki.
260 _aGliwice :
_bFundacja im. W. Świętosławskiego,
_c1998.
300 _a209 s. ;
_c24 cm.
650 9 _aNauka
_xpolityka
_xUnia Europejska
650 9 _aTechnika
_xpolityka
_xUnia Europejska
700 1 _aBOGUTA, Mieczysław.
700 1 _aBYLICKI, Andrzej.
710 0 _aFundacja im. Wojciecha Świętosławskiego na Rzecz Wspierania Nauki i Rozwoju Potencjału Naukowego w Polsce
710 0 _aPolska Fundacja Upowszechniania Nauki
020 _a838757645X
040 _cBPK
041 0 _apl
080 _a001.89+62.001:339.923:061.1A/Z](4-67)
920 _a83-87576-45-X
942 _cKS
008 s pl f |000 0 pol
999 _c33937
_d33937
856 _uhttp://koha.tu.koszalin.pl/cgi-bin/koha/opac-detail.pl?biblionumber=33937
_yKatalog online BPK